Wskaż zwycięzców IMŚ nie wskazując zwycięzców cyklu SGP - Statystyki

Ogólne statystyki
  • Ten quiz został rozwiązany 111 razy
  • Średni wynik to 7 z 10
Answers on the Grid
Answers color-coded by a green-red scale on the quiz's grid according to % correct below.
Gary Havelock
Bartosz Zmarzlik
Per Jonsson
Ivan Mauger
Billy Hamill
Barry Briggs
Sam Ermolenko
Tomasz Gollob
Jerzy Szczakiel
Jack Milne
Nicki Pedersen
Jack Young
Peter Craven
Tai Woffinden
Lionel van Praag
 
Statystyki odpowiedzi
Odpowiedź % Poprawnych
Gary Havelock
100%
Jerzy Szczakiel
86%
Per Jonsson
71%
Barry Briggs
57%
Ivan Mauger
57%
Jack Milne
57%
Jack Young
57%
Lionel van Praag
57%
Peter Craven
57%
Sam Ermolenko
57%
Nie znaleziono quizów pasujących do podanych kryteriów
Rozkład punktacji
Procent ludzi z każdym wynikiem
Percentyl według liczby udzielonych odpowiedzi
Twoja historia wyników
Nie rozwiązałeś tego quizu